| 000 | 00369nam a22001697a 4500 | ||
|---|---|---|---|
| 999 |
_c532768 _d532768 |
||
| 003 | NUST | ||
| 005 | 20191202163240.0 | ||
| 008 | 191202b ||||| |||| 00| 0 eng d | ||
| 038 | _aMSOHAIL | ||
| 082 | _a0 | ||
| 100 |
_aM.Morris Mano _92910 |
||
| 245 | _aDigital Design | ||
| 250 | _a5th | ||
| 260 |
_aIndia _bPearson _cc2014 |
||
| 300 | _ap;678 | ||
| 942 |
_2ddc _cBK |
||